| 000 | 00522nam a2200181 a 4500 | ||
|---|---|---|---|
| 005 | 20220923063512.0 | ||
| 008 | 991125s1978 eng 000 0 eng u | ||
| 020 | _a0136039022 | ||
| 035 | _aUPN01000040177 | ||
| 049 | _aCG | ||
| 050 | 4 |
_aBF683 _bB4.4 |
|
| 100 | 1 | _aBeck, Robert Clarence | |
| 245 | 1 | 0 |
_aMotivation : _btheories and principles / _cRobert C. Beck. |
| 260 |
_aEnglewood Cliffs (E.U.A.) : _bPrentice-Hall, _c1978. |
||
| 300 |
_a470 p. : _bil. |
||
| 650 | 7 |
_aMotivación (Psicología) _2 _95909 |
|
| 905 | _aLibro | ||
| 999 |
_c40177 _d40177 |
||